000 00381nam a2200145Ia 4500
008 191201s2010 xx 000 0 und d
082 _a621.3
_bSAF
100 _aSAHDEV, S K
245 0 _aFundamentals of Electrical Engineering & Electronics
250 _aRep
260 _aN.Delhi
_bDhanpat Rai Pub (P) Ltd
_c2010
300 _a453+200
650 _aB.Tech(ECE)
942 _2ddc
_cBK
999 _c4112
_d4112